000
00275nam a2200097Ia 4500
008
220204s9999 xx 000 0 und d
082
_a
339.564:677.18
_b
REP
245
0
_a
Report on India's coir exports and ocean freight rates
260
_a
Cochin
_b
Coir Board
_c
1969
942
_c
BK
999
_c
22237
_d
22237